000 00481nam a2200145 a 4500
008 120416s1978 ||||||||||||||||| || u
050 _aHF 5635 Ede
100 _aEdey, Harold C
245 1 0 _aIntroduction to Accounting
250 _a4th ed.
260 _aLondon
_bHutchinson
_c[1978, (1979)]
300 _a192p.
350 _a0.00
995 _D0.00
_FCBU-MAIN LIBRARY (Kitwe)
_H1
_I0.00
_M1
_UDAMAGED
_ZMain Library Open Access Collection
999 _c47585
_d47585